Statistics for Self-Referencing Puzzle Click Quiz (SRP)

Click here to take the quiz!

General Stats

  • This quiz has been taken 68 times
  • The average score is 7 of 10

Answer Stats

HintAnswer% Correct
The most vowels any word in this sentence has is just ______.-3- Three
86%
This sentence has ______ syllables.-8- Eight
86%
There are ____ unique words that appear in this sentence.–10– Ten
80%
This sentence sees _____ words starting with the same snakelike symbol.-7- Seven
78%
The letter "E" shows up in this sentence _____ times.-9- Nine
76%
The number of "number words" that appear in this sentence is _____.-1- One
70%
There are exactly ______ answers that are greater than this answer.-5- Five
70%
This hint has words that end in only ____ different letters.-6- Six
70%
This hint has ______ distinct non-consonants.-4- Four
58%
____ letters evaded this quirky hint, jumping back fast.-2- Two
54%

Score Distribution

Percentile by Number Answered

Percent of People with Each Score

Your Score History

You have not taken this quiz